| 000 | 01185cam a2200349 i 4500 | ||
|---|---|---|---|
| 001 | 200464613 | ||
| 003 | TR-AnTOB | ||
| 005 | 20250620151646.0 | ||
| 007 | ta | ||
| 008 | 920310s1993 cy b f000 0 tur d | ||
| 035 | _a(OCoLC)30688906 | ||
| 040 |
_aHLS _beng _erda _cHLS _dOCLCG _dOCLCA _dOCLCQ _dOCLCO _dUA@ _dOCLCO _dOCLCQ _dSULEY _dTR-AnTOB |
||
| 041 | 0 | _atur | |
| 049 | _aMAIN | ||
| 050 | 1 | 4 |
_aPN81 _b.T87 1993 |
| 090 |
_aPN81 _b.T87 1993 |
||
| 100 |
_aTürkay, Osman _d1927-2001 _eauthor _946817 |
||
| 245 | 1 | 0 |
_aEdebiyat, eleştiri ve dil üstüne düşünceler, 1962-1979 / _cOsman Türkay. |
| 250 | _a1. basım | ||
| 264 | 1 |
_a[Cyprus] : _bK.K.T.C. Milli Eğitim ve Kültür Bakanlığı yayınları, _c1993. |
|
| 300 |
_avii, 304 pages ; _c20 cm |
||
| 336 |
_atext _btxt _2rdacontent |
||
| 337 |
_aunmediated _bn _2rdamedia |
||
| 338 |
_avolume _bnc _2rdacarrier |
||
| 490 | 1 |
_aK.K.T.C. Milli Eğitim ve Kültür Bakanlığı yayınları ; _v33. _aKültür dizisi ; _v33. kitap. |
|
| 500 | _aEssays. | ||
| 504 | _aKaynakça var. | ||
| 650 | 0 |
_aEdebiyat _xEleştiri ve yorum _928087 |
|
| 650 | 7 |
_aEleştiri _2etuturkob _946474 |
|
| 942 |
_2lcc _cBK |
||
| 999 |
_c200464613 _d82825 |
||